000 00814nas a2200265 4500
001 BR7700025
003 BR-BrBNA
005 20231205083026.0
007 ta
008 230509b bl.|||p| |||| 00| 00por d
040 _aBR-BrBNA
_bpor
_cBiblioteca Nacional de Agricultura
041 _a(Pt)
072 _aH20
100 1 _aBastos, C.N.
100 1 _aLellis, W.T.
100 1 _aFigueiredo, J.M.
245 1 _aInibicao de Phytophthora palmivora Butl. por sua toxina e pela toxina de aspergillus tamarii Kita [fungo]
650 _aPODRIDAO PARDA
650 _aANTIBIOTICO
650 _aFUNGICIDA
650 _aFUNGO
773 0 _tBoletim do Instituto Biologico da Bahia (Brazil)
_xISSN 0020-3661
_g(1975), v. 14(1) p. 17-20
_wBR7700025
909 _a202311
_bLúcia
_c55
_dLúcia Elande
942 _2AGRIS
_n0
_cANA
999 _c95850
_d95850